000 01230nam a22002417a 4500
003 Uzh_bibl
008 260423b |||||||| |||| 00| 0 ukr d
020 _a966-7575-54-3
_c5.00
040 _bукр.
041 _2ukr
_aukr
080 _a94(477)
090 _a94(477)
_bД 43
100 _aДзюба,Іван
245 _aПастка. Тридцять років зі Сталіним. П’ятдесят років без Сталіна.
_hТекст
260 _aКиїв
_bКриниця
_c2003
300 _a144 с.
490 _aСерія «Моя книгозбірня»
520 _aВидавництво «Криниця» вперше представляє окремим виданням і в повному обсязі нову книгу І. М. Дзюби, що охоплює – 80 років – трагічної історії колишнього СРСР, екстраполюючи її значною мірою на історію України (тоді – Радянської).
521 _aДля широкого кола читачів
546 _aукр.
650 _aНауково-публіцистичне дослідження
_vІсторія
942 _2udc
_cBK
999 _c17493
_d17493